<?xml version="1.0" encoding="UTF-8"?>
<record
    xmlns:xsi="http://www.w3.org/2001/XMLSchema-instance"
    xsi:schemaLocation="http://www.loc.gov/MARC21/slim http://www.loc.gov/standards/marcxml/schema/MARC21slim.xsd"
    xmlns="http://www.loc.gov/MARC21/slim">

  <leader>01005nam a22002297a 4500</leader>
  <controlfield tag="001">84050</controlfield>
  <controlfield tag="003">BD-RjUL</controlfield>
  <controlfield tag="005">20241002130056.0</controlfield>
  <controlfield tag="008">240930s2010    bg ||||| |||| 00| 0 ara d</controlfield>
  <datafield tag="035" ind1=" " ind2=" ">
    <subfield code="a">(BD-RjUL)84050</subfield>
  </datafield>
  <datafield tag="040" ind1=" " ind2=" ">
    <subfield code="a">BD-RjUL</subfield>
    <subfield code="b">eng</subfield>
    <subfield code="c">BD-RjUL</subfield>
  </datafield>
  <datafield tag="041" ind1=" " ind2=" ">
    <subfield code="a">ara</subfield>
  </datafield>
  <datafield tag="082" ind1=" " ind2=" ">
    <subfield code="2">23</subfield>
    <subfield code="a">892.71009</subfield>
    <subfield code="b">SHS 2010</subfield>
  </datafield>
  <datafield tag="100" ind1=" " ind2=" ">
    <subfield code="a">&#x634;&#x627;&#x647; &#x62C;&#x644;&#x627;&#x644;,  &#x645;&#x62D;&#x645;&#x62F; =  Shah Jalal, Md.</subfield>
    <subfield code="9">13628</subfield>
  </datafield>
  <datafield tag="245" ind1=" " ind2=" ">
    <subfield code="a">&#x635;&#x648;&#x631;&#x629; &#x627;&#x644;&#x627;&#x62D;&#x62F;&#x627;&#x62B; &#x627;&#x644;&#x62A;&#x627;&#x631;&#x64A;&#x62E;&#x64A;&#x629; &#x641;&#x64A; &#x627;&#x644;&#x634;&#x639;&#x631; &#x627;&#x644;&#x639;&#x631;&#x628;&#x64A; &#x62D;&#x62A;&#x64A; &#x627;&#x644;&#x639;&#x635;&#x631; &#x627;&#x644;&#x646;&#x628;&#x648;&#x64A; = Delineation of historical events in Arabic poetry till the time of the Prophet /</subfield>
    <subfield code="c">&#x645;&#x62D;&#x645;&#x62F; &#x634;&#x627;&#x647; &#x62C;&#x644;&#x627;&#x644; = Md. Shah Jalal</subfield>
    <subfield code="6">&#x645;&#x62D;&#x645;&#x62F; &#x646;&#x638;&#x627;&#x645; &#x627;&#x644;&#x62F;&#x64A;&#x646; =Md. Nizam Uddin</subfield>
  </datafield>
  <datafield tag="260" ind1=" " ind2=" ">
    <subfield code="a">Rajshahi : </subfield>
    <subfield code="b">Depertment of Arabic , RU ,</subfield>
    <subfield code="c">2010</subfield>
  </datafield>
  <datafield tag="300" ind1=" " ind2=" ">
    <subfield code="a">347 p. ;</subfield>
    <subfield code="c">28 cm</subfield>
  </datafield>
  <datafield tag="505" ind1=" " ind2=" ">
    <subfield code="a">Thesis (Ph. D.) -- Department of Arabi, University of Rajshahi, 2010</subfield>
  </datafield>
  <datafield tag="650" ind1=" " ind2=" ">
    <subfield code="a">Arabic Poetry </subfield>
    <subfield code="v">Histori and Criticism</subfield>
    <subfield code="9">13629</subfield>
  </datafield>
  <datafield tag="700" ind1=" " ind2=" ">
    <subfield code="a">&#x646;&#x638;&#x627;&#x645; &#x627;&#x644;&#x62F;&#x64A;&#x646;,  &#x645;&#x62D;&#x645;&#x62F; = Nizam Uddin, Md. </subfield>
    <subfield code="9">13630</subfield>
  </datafield>
  <datafield tag="942" ind1=" " ind2=" ">
    <subfield code="2">ddc</subfield>
    <subfield code="c">THE</subfield>
  </datafield>
  <datafield tag="999" ind1=" " ind2=" ">
    <subfield code="c">84050</subfield>
    <subfield code="d">84050</subfield>
  </datafield>
  <datafield tag="952" ind1=" " ind2=" ">
    <subfield code="1">0</subfield>
    <subfield code="2">ddc</subfield>
    <subfield code="4">0</subfield>
    <subfield code="7">1</subfield>
    <subfield code="8">THESES</subfield>
    <subfield code="a">RUCL</subfield>
    <subfield code="b">RUCL</subfield>
    <subfield code="c">REF</subfield>
    <subfield code="d">2012-01-01</subfield>
    <subfield code="o">A   THE   892.71009 SHD 1999</subfield>
    <subfield code="p">D3310</subfield>
    <subfield code="r">2024-09-30 00:00:00</subfield>
    <subfield code="t">C-1</subfield>
    <subfield code="y">THE</subfield>
  </datafield>
</record>
